Aufstellung letztes Spiel von Jürgen Klopp beim BVB (Pokalfinale 2015) - Statistiken

Allgemein
  • Dieses Quiz wurde 370 mal gespielt
  • Das Durchschnittsergebnis liegt bei 9 aus 14
Antwortstatistiken
Position Spieler % Korrekt
IV Mats Hummels
96%
LM/LA Marco Reus
95%
ST Pierre-Emerick Aubameyang
87%
LV Marcel Schmelzer
86%
IV Neven Subotic
71%
TW Mitchell Langerak
67%
Einwechslung(ab 68.) Lukasz Piszczek
64%
DM Sebastian Kehl
64%
DM/ZM Ilkay Gündogan
61%
OM Shinji Kagawa
56%
Einwechslung (ab 68.) Jakub Blaszczykowski
53%
RV Erik Durm
44%
RM/RA Henrikh Mkhitaryan
38%
Einwechslung (ab 79.) Ciro Immobile
21%
Keine übereinstimmenden Quizze gefunden
Verteilung der Resultate
Anzahl Personen mit jedem Resultat
Perzentil nach korrekt beantworteten Fragen
Ihre Resultats-Entwicklung
Sie haben dieses Quiz noch nicht gespielt